Introduction to educational measurement

Gorde:
Xehetasun bibliografikoak
Egile nagusia: Noll, Victor H. (Egilea)
Formatua: Liburua
Hizkuntza:ingelesa
Argitaratua: Boston Houghton Mifflin 1957
Gaiak:
Etiketak: Etiketa erantsi
Etiketarik gabe, Izan zaitez lehena erregistro honi etiketa jartzen!

MARC

LEADER 00000nam a2200000 a 4500
001 UCU1577
003 CL-VaPUC
008 960409e19570000US |||||||||||||||||eng|d
082 0 4 |a 371.26  |b NOL  |2 21 
100 |a Noll, Victor H.  |e author  |9 357220 
245 1 0 |a Introduction to educational measurement 
300 |a 437 p 
942 |c BK 
945 |d 19960409 00:00:00  |a lriquelm 
260 |a Boston  |b Houghton Mifflin  |c 1957 
650 0 |a Evaluación de la educación   |9 237505 
650 7 |a MEDICION EDUCACIONAL  |2 CL-VaPUC  |9 343534 
650 0 |a Planificación de la educación   |9 307333 
583 |a last modification  |c 19960409 00:00:00  |k Rodrigo Vera 
999 |c 246139  |d 246137 
952 |0 0  |1 0  |4 0  |6 371_260000000000000_NOL_1957  |7 0  |8 P  |9 260887  |a BIBEDU  |b BIBEDU  |c BIBEDU_PB  |d 2019-11-19  |i 201307K  |o 371.26 NOL 1957  |p 201307K  |r 2024-01-25  |w 2019-11-19  |y BK  |k EDU